| 000 | 00418cam a22001457a 4500 | ||
|---|---|---|---|
| 008 | 180718b1992 xxu||||| |||| 00| 0 eng d | ||
| 082 | _aAB45 C349 | ||
| 100 | _aChakravarty, Papia | ||
| 245 |
_aHindu response to nationalist ferment: Bengal 1909-1935 _cby Papia Chakravarty |
||
| 260 |
_aCalcutta _bSubarnarekha _c1992 |
||
| 300 | _a411p. | ||
| 650 | _aNationalism | ||
| 650 | _aPhilosophy, Hindu | ||
| 650 | _aHinduism | ||
| 999 |
_c378165 _d378165 |
||